Blasen-Geschichten : Overheadfolien

Αποθηκεύτηκε σε:
Λεπτομέρειες βιβλιογραφικής εγγραφής
Κύριος συγγραφέας: Augustin, Victor
Άλλοι συγγραφείς: Haase, Klaus
Μορφή: Βιβλίο
Γλώσσα:German
Δημοσίευση: Bohn : Frankfurt : Padagogische Arbeitsstelle. Deutscher Volkshochschul Verband, c1980
Έκδοση:2. veranderte Aufl.
Θέματα:
Ετικέτες: Προσθήκη ετικέτας
Δεν υπάρχουν, Καταχωρήστε ετικέτα πρώτοι!

MARC

LEADER 00000nam a2200000 i 4500
001 1/11828
008 000915s1980 ger d
035 |l 10063976 
040 |a GR-MY-UA  |b gre  |e aacr 
041 0 |a ger 
082 0 |a 438 
100 1 |a Augustin, Victor. 
245 1 0 |a Blasen-Geschichten :  |b Overheadfolien /  |c Victor Augustin, Klaus Haase ; mit Bildern von Winsor McCay, Papan, Chlodwig Poth, Tedy Scherling 
250 |a 2. veranderte Aufl. 
260 |a Bohn :   |a Frankfurt :   |b Padagogische Arbeitsstelle. Deutscher Volkshochschul Verband,   |c c1980 
300 |a various pag.;  |c 21 cm 
650 0 0 |a German language  |x Study and teaching. 
650 0 0 |a German language  |x Usage. 
700 1 |a Haase, Klaus. 
852 |a INST  |b RHODES  |e 20000915  |h 438 AUG  |p 005400008583  |q 005400008583  |t BK  |y 0 
909 |a Ρ  |b 023052 
922 |a 4ΕΛΗ  |b 199203 
970 |z 2000/09/ΧΡΥΣΑΝΘΗ